अश्रुत साहित्यसेवीः (Record no. 33457)

MARC details
000 -LEADER
fixed length control field 01483nam a22002657a 4500
005 - DATE AND TIME OF LATEST TRANSACTION
control field 20100102095829.0
008 - FIXED-LENGTH DATA ELEMENTS--GENERAL INFORMATION
fixed length control field 100102t xxu||||| |||| 00| 0 hin d
010 ## - LCCN (DPL NO)
LC control number HIN-88867
020 ## - INTERNATIONAL STANDARD BOOK NUMBER
Terms of availability 250.00
International Standard Book Number 8188570524
035 ## - SYSTEM CONTROL NUMBER
System control number HN-61213
037 ## - SOURCE OF ACQUISITION
Source of stock number/acquisition DBAD / PUB
040 ## - CATALOGING SOURCE
Original cataloging agency DPL
Language of cataloging HN
082 ## - DEWEY DECIMAL CLASSIFICATION NUMBER
Classification number 820.8
245 ## - TITLE STATEMENT
Title अश्रुत साहित्यसेवीः
Statement of responsibility, etc बापूराव देसाई द्वारा संपादित
Remainder of title (डॉ सूर्यनारायण शुक्ल) /
246 ## - VARYING FORM OF TITLE
Title proper/short title Asshru Sahityseve:
Remainder of title ed by Bapurav Desai
260 ## - PUBLICATION, DISTRIBUTION, ETC. (IMPRINT)
Place of publication, distribution, etc कानपुर
Name of publisher, distributor, etc विकास प्रकाशन
Date of publication, distribution, etc 2008
270 ## - ADDRESS
Address 311 सी. विश्व बैंक बर्रा
City कानपुर
Postal code 208027
300 ## - PHYSICAL DESCRIPTION
Extent 176पृ.
Dimensions 22सेमी (सजिल्द)
650 ## - SUBJECT ADDED ENTRY--TOPICAL TERM
Topical term or geographic name as entry element हिन्दी साहित्य
General subdivision इतिहास एवं समालोचना
9 (RLIN) 7869
650 ## - SUBJECT ADDED ENTRY--TOPICAL TERM
Topical term or geographic name as entry element Hindi literature
General subdivision History and criticism
9 (RLIN) 7870
650 ## - SUBJECT ADDED ENTRY--TOPICAL TERM
Topical term or geographic name as entry element हिन्दी साहित्य
General subdivision इतिहास एवं समालोचना
9 (RLIN) 7871
700 ## - ADDED ENTRY--PERSONAL NAME
Personal name देसाई, बापूराव
9 (RLIN) 7872
942 ## - ADDED ENTRY ELEMENTS (KOHA)
Source of classification or shelving scheme Dewey Decimal Classification
Item type Hindi Books
Classification part 820.8
Call number suffix अश्रुत
Holdings
Withdrawn status Lost status Source of classification or shelving scheme Damaged status Not for loan Collection code Home library Current library Date acquired Source of acquisition Cost, normal purchase price Total Checkouts Full call number Barcode Date last seen Copy number Cost, replacement price Koha item type
    Dewey Decimal Classification   Not For Loan Non-fiction D.B.Act.Division D.B.Act.Division 02/01/2010 DBAD / PUB 250.00   820.8 अश्रुत HN-61213 02/01/2010 1 250.00 Hindi Books

© Delhi Public Library
Hit Counter
free hit counter